| Registos Bibliográficos associados ao registo de autoridade |
|
Etiqueta de registo: 00254nam 2200025 450 001 2278561 003 http://id.bnportugal.gov.pt/bib/catbnp/2278561 100 ## $a20260310d2025 k y0pory01030103ba 101 0# $aeng$dpor 102 ## $aPT 105 ## $aa m 000yy 106 ## $ar 200 1# $aSpace enable Q-switched microchip laser$fBruno António Tomás do Couto$gorient. António Amorim, Paulo Gordo, Dawei Liang 210 #9 $aLisboa$c[s.n.],$d2025 215 ## $aXXXII, 204 p.$cil.$d30 cm$ecurrículum vitae (p. 6) 328 #1 $aTese dout. Engenharia Física, Faculdade de Ciências, Universidade de Lisboa, 2025 675 ## $a535.14(043)$vBN$zpor$31388231 700 #1 $aCouto,$bBruno António Tomás do,$f1985-$31990274 702 #1 $96$aAmorim,$bAntónio$4727$31483852 702 #1 $aGordo,$bPaulo Romeu Seabra$4727$31287986 702 #0 $aDawei,$bLiang$4727$31394807 801 #0 $aPT$bBN$gRPC 966 ## $lBN$mFGMON$sS.A. 193582 V.$x1 971 ## $cabrito$d20260310 972 ## $e0$z0$d20260421$vasantos 973 ## $cmlsousa$d20260414
|
|
|